00605nam a2200193Ia 4500008004100000020001400041082001500055100001800070245003500088250000700123260004600130300002300176500001900199600002000218650002000238942000700258952013100265999001500396240925s9999 xx 000 0 und d a195794362 a370.78 RAH aRahman, Tariq 0aLanguage Education and Culture aNA aKarachi:bOxford University Pressc,1999. a19p.bNAfOriginal aIncludes Index aSocial Sciences aSocial Sciences cBK 001040708SSaUITUbUITUd2001-03-21eRoyal Book Company g276.00l0o370.78 RAHpQ3820r2024-09-25 07:13:17w2024-09-25yBK c6319d6319